Capital Cities of Unrecognized Countries - Statistics

General Stats
  • This quiz has been taken 58 times
  • The average score is 26 of 58
Answer Stats
Hint Answer % Correct
England London
94%
Northern Ireland Belfast
85%
Wales Cardiff
85%
Scotland Edinburgh
85%
Taiwan Taipei
85%
Hong Kong Hong Kong
82%
European Union Brussels
79%
Greenland Nuuk
79%
Kosovo Priština
76%
Puerto Rico San Juan
76%
French Guiana Cayenne
73%
Gibraltar Gibraltar
70%
Macao Macao
70%
Palestine Jerusalem
61%
The Faroe Islands Torshavn
61%
Palestine Ramallah
58%
New Caledonia Nouméa
55%
Guadeloupe Basse-Terre
52%
Bermuda Hamilton
52%
American Samoa Pago Pago
52%
French Polynesia Papeete
52%
Curacao Willemstad
52%
Isle of Man Douglas
48%
Falkland Islands Stanley
48%
Cayman Islands George Town
42%
Ascension Island Georgetown
42%
Aruba Oranjestad
42%
Sint-Eustatius Oranjestad
42%
Martinique Fort-de-France
39%
Tristan da Cunha Edinburgh of the Seven Seas
36%
Saint Helena Jamestown
36%
Norfolk Island Kingston
36%
Jersey Saint Helier
36%
Northern Mariana Islands Saipan
36%
Pitcairn Island Adamstown
33%
Niue Alofi
33%
Guam Hagåtña
33%
Cook Islands Avarua
30%
U.S. Virgin Islands Charlotte Amalie
30%
Turks and Caicos Islands Cockburn Town
30%
Christmas Island Flying Fish Cove
30%
Aland Islands Mariehamn
30%
Montserrat Plymouth
30%
British Indian Ocean Territory Diego Garcia
27%
Bonaire Kralendijk
27%
British Virgin Islands Road Town
27%
Guernsey Saint Peter Port
27%
Saba The Bottom
27%
Anguilla The Valley
27%
Saint Martin Philipsburg
24%
Cocos Island West Island
24%
Easter Island Hanga Roa
21%
South Georgia and the South Sandwich Islands King Edward Point
21%
French Southern and Antarctic Lands Saint-Pierre
21%
Tokelau Atafu
18%
Montserrat Brades
12%
Tokelau Fakaofo
6%
Tokelau Nukunonu
6%
No matching quizzes found
Score Distribution
Percent of People with Each Score
Percentile by Number Answered
Your Score History
You have not taken this quiz